000 00527pab a2200169 454500
008 180718b2003 xxu||||| |||| 00| 0 eng d
100 _aCoggburn, Jerrell D.
245 _aThe quality of management and government performance: an empirical analysis of the American States
260 _c2003
300 _ap.206-13.
362 _aMar-Apr
650 _aPublic administration - United States
650 _aAdministrative reform
700 _aSchneider, Saundra K.
773 _aPublic Administration Review
909 _a57697
999 _c57697
_d57697